Paredes de mampostería inconfinada sometidas a carga monotónica creciente y carga cíclica
Guardado en:
| Autor principal: | |
|---|---|
| Formato: | Libro |
| Publicado: |
San José, C.R
1998
|
| Materias: | |
| Etiquetas: |
Agregar Etiqueta
Sin Etiquetas, Sea el primero en etiquetar este registro!
|
MARC
| LEADER | 00000nam a2200000Ia 4500 | ||
|---|---|---|---|
| 003 | 008429 | ||
| 005 | 20221231144223.0 | ||
| 008 | 140114s1998 cr a m 000 ||s d | ||
| 040 | |c cru CEDI | ||
| 090 | |a TFG 3822 | ||
| 100 | |a Zúñiga Arce, Mario E. |9 9041 | ||
| 245 | |a Paredes de mampostería inconfinada sometidas a carga monotónica creciente y carga cíclica | ||
| 260 | |c 1998 |a San José, C.R | ||
| 300 | |a 79 hojas : ilustraciones | ||
| 500 | |a Proyecto de graduación (licenciatura en ingeniería civil)--Universidad de Costa Rica. Facultad de Ingeniería. Escuela de Ingeniería Civil | ||
| 650 | |x MAMPOSTERIA |x MUROS |x DISEÑO Y CONSTRUCCION |x DISEÑO DE ESTRUCTURAS |9 2765 | ||
| 942 | |c TFG | ||
| 999 | |c 18647 |d 18647 | ||
